[Event "26. Oldie Turnier - Gruppe A"]
[Site "Klingenberg am Main"]
[Date "2025.04.05"]
[Round "4.2"]
[White "Mephisto Magellan"]
[Black "Saitek RISC 2500"]
[Result "0-1"]
[WhiteElo "2238"]
[BlackElo "2242"]
[PlyCount "116"]
[GameId "2166621838484860"]
[EventDate "2025.??.??"]

{Mit dem (selbst gewählten) Budapester Gambit kommt der Risc 2500 überhaupt nicht zurecht. Nach 15 Zügen ist der schwarze Läufer gefangen und der Magellan sieht schon wie der sichere Sieger aus. Einzig der große Schwachpunkt des Magellan (Endspiel) verhindert hier eine (verdiente) Niederlage des Risc 2500.} 1. d4 Nf6 2. c4 e5 3. dxe5 Ng4 4. Nf3 Bc5 5. e3 Nc6 6. Be2 Ngxe5 7. Nc3 d6 8. O-O O-O 9. b3 Bf5 10. Bb2 Nxf3+ {*erster berechneter Zug} 11. Bxf3 {*erster berechneter Zug} Re8 12. Na4 Bb4 13. a3 Ba5 14. c5 Ne5 $4 {Jetzt ist der Läufer verloren!} (14... dxc5 15. Nxc5 Bc8 $16) 15. b4 Bd3 16. Bxe5 Bxf1 17. Bxg7 {(+06)} Bb5 {(-142)} 18. Bb2 $18 {Der Magellan steht nach dem Eröffnungsdesaster seitens Risc 2500 bereits auf Gewinn!} dxc5 19. bxa5 Qxd1+ 20. Bxd1 b6 21. Bc3 Rad8 22. Nb2 Bc6 23. Rc1 Be4 24. Ba4 Re6 25. f3 Bc6 26. Bxc6 Rxc6 27. axb6 cxb6 {(-09)} 28. Kf2 b5 29. Ke2 Rg6 30. g4 {(+11)} Ra6 {(-111)} 31. Be5 $2 Rd5 32. Bc7 Rxa3 33. e4 Rd7 34. Rxc5 f6 35. Bf4 {Der Magellan hat immer noch Vorteil aber auf die Freibauern auf der a- und b-Linie sollte (müsste) er achtgeben!} Rb3 36. Bc1 $2 a5 37. g5 $11 fxg5 38. Rxg5+ Kf7 39. Rh5 Kg6 40. Rh6+ Kg7 41. Ra6 a4 42. Nd1 Kf7 43. Ne3 Rc7 44. Bd2 Rb2 45. f4 $18 Re7 46. e5 Re6 47. Ra7+ Re7 48. Rxe7+ $4 {Dieser Turmabtausch wendet das Blatt in dieser Partie!} Kxe7 49. Kd3 a3 50. Bc3 {(+18)} Rb1 {(-0 58)} 51. Nd5+ Ke8 $11 52. Nf6+ Kd8 53. Ke4 $4 {Nach diesem weiteren (großen) Fehler steht der Magellan auf Verlust!} b4 54. Bd4 Re1+ 55. Kf3 {(-09)} b3 {(+368)} 56. Kf2 b2 57. Kxe1 b1=Q+ 58. Kd2 a2 {Aufgabe durch den Bediener. Ein sehr glücklicher Partiegewinn für den Risc 2500!} 0-1

[Event "26. Oldie Turnier - Gruppe A"]
[Site "Klingenberg am Main"]
[Date "2025.04.05"]
[Round "4.3"]
[White "Mephisto Atlanta"]
[Black "Fidelity Avant Garde V10"]
[Result "1-0"]
[WhiteElo "2263"]
[BlackElo "2191"]
[PlyCount "81"]
[GameId "2166621838484861"]
[EventDate "2025.??.??"]

1. e4 e5 2. Nc3 Nf6 3. Bc4 Nxe4 4. Qh5 Nc6 5. Nb5 Nd6 6. Bb3 g6 7. Qf3 f5 8. Qd5 Qe7 9. Nxc7+ Kd8 10. Nxa8 b6 11. Nxb6 axb6 12. Ne2 Bb7 13. Qd3 Bg7 14. Qe3 Kc7 15. O-O f4 16. Qh3 Kb8 17. Ba4 Ne4 18. d4 Ng5 19. Qa3 Qxa3 20. bxa3 f3 21. Re1 fxe2 22. Bxg5 Nxd4 23. c3 b5 24. Bb3 Nxb3 25. axb3 Rc8 26. Rac1 Bd5 27. Rxe2 Bxb3 28. Rb2 Ba4 29. c4 Bf8 30. cxb5 Rxc1+ 31. Bxc1 Bxa3 32. Ra2 Bxc1 33. Rxa4 d5 34. Ra6 Kb7 35. Kf1 Bf4 36. g3 Bd2 37. f3 Bb4 38. Re6 Bc3 39. Ke2 g5 40. Kd3 Bd4 41. Rd6 1-0

[Event "26. Oldie Turnier - Gruppe A"]
[Site "Klingenberg am Main"]
[Date "2025.04.05"]
[Round "4.4"]
[White "Mephisto London 68020"]
[Black "Mephisto Nigel Short 19.6 MHz"]
[Result "1-0"]
[WhiteElo "2213"]
[BlackElo "2144"]
[PlyCount "113"]
[GameId "2166621838484862"]
[EventDate "2025.??.??"]

1. e4 e5 2. Nf3 Nc6 3. Bb5 a6 4. Ba4 Nf6 5. O-O Nxe4 6. d4 b5 7. Bb3 d5 8. dxe5 Be6 9. Be3 Be7 10. c3 O-O 11. Nbd2 Nxd2 12. Qxd2 Qd7 13. Bg5 Rad8 14. Rfe1 Rfe8 15. Qf4 Bxg5 16. Nxg5 h6 17. Nf3 Na5 18. Bc2 Nc4 19. b3 Nb6 20. Rad1 c5 21. a3 Bg4 22. Rd2 Re7 23. Qe3 Qc7 24. Nh4 Rde8 25. f4 Re6 26. Qg3 Bh5 27. Nf5 Bg6 28. Nd6 Qxd6 29. Bxg6 fxg6 30. exd6 Rxe1+ 31. Kf2 Kf7 32. Qf3 R8e6 33. f5 gxf5 34. Qxf5+ Rf6 35. Qxf6+ Kxf6 36. Kxe1 Ke6 37. Rd3 Kxd6 38. Rg3 g5 39. Rh3 Kc7 40. Rxh6 a5 41. Rg6 c4 42. b4 Na4 43. Kd2 axb4 44. axb4 g4 45. Rxg4 Kd6 46. h4 Ke6 47. h5 Kf5 48. h6 Kxg4 49. h7 d4 50. cxd4 Kg3 51. h8=Q Kxg2 52. Ke3 Nb2 53. Qg7+ Kf1 54. Qf6+ Kg2 55. Qf2+ Kh3 56. Kf3 Nd3 57. Qg3# 1-0

[Event "26. Oldie Turnier - Gruppe A"]
[Site "Klingenberg am Main"]
[Date "2025.04.05"]
[Round "4.5"]
[White "Mephisto Berlin Pro 68020"]
[Black "Mephisto Risc 1MB"]
[Result "1/2-1/2"]
[WhiteElo "2265"]
[BlackElo "2259"]
[PlyCount "129"]
[GameId "2166621838484863"]
[EventDate "2025.??.??"]

1. Nf3 d5 2. c4 c6 3. d4 Nf6 4. Nc3 e6 5. e3 Nbd7 6. a3 Be7 7. Bd3 dxc4 8. Bxc4 c5 9. dxc5 Nxc5 10. O-O Bd7 11. b4 Nce4 12. Bb2 Nd6 13. Be2 O-O 14. Qd3 Rc8 15. Ne5 a6 16. Rfd1 b5 17. Rab1 Bc6 18. Nxc6 Rxc6 19. Bf3 Rc4 20. e4 e5 21. Nd5 Ndxe4 22. Nxf6+ Nxf6 23. Qe3 Qc8 24. Qxe5 Re8 25. Qg3 Rd8 26. Be5 Rxd1+ 27. Rxd1 Rc1 28. Bb2 Rc2 29. Bd4 Bd8 30. Be5 Bc7 31. Bb7 Qd7 32. Bf3 Rd2 33. Rc1 Bb6 34. Rf1 Qe6 35. a4 bxa4 36. Qf4 Ra2 37. Bc3 Ne8 38. Be4 Bc7 39. Qh4 Qh6 40. Qxh6 gxh6 41. Bd3 Bb6 42. Bxa6 Nc7 43. Bb7 a3 44. Be4 Nb5 45. Bf6 Nd4 46. Re1 Ne2+ 47. Kf1 Nf4 48. Bc2 Kf8 49. Be7+ Kg7 50. Rc1 Bxf2 51. Bc5 Bxc5 52. bxc5 Ne6 53. c6 Nc7 54. Ke2 Rb2 55. Kd1 Nd5 56. Be4 Ne3+ 57. Ke1 Nxg2+ 58. Bxg2 a2 59. Be4 Rb4 60. Bf5 Rc4 61. Ra1 Rxc6 62. Rxa2 Rc5 63. Bd3 Re5+ 64. Kf2 Rh5 65. Ra7 1/2-1/2

[Event "26. Oldie Turnier - Gruppe A"]
[Site "Klingenberg am Main"]
[Date "2025.04.05"]
[Round "5.1"]
[White "Millennium ChessGenius"]
[Black "Saitek RISC 2500"]
[Result "0-1"]
[WhiteElo "2217"]
[BlackElo "2242"]
[PlyCount "172"]
[GameId "2166621838484865"]
[EventDate "2025.??.??"]

1. d4 {Das Spitzenduell der beiden Führenden in der 5. Runde in Klingenberg. Der ungeschlagene Millennium ChessGenius (35 Punkte) trifft auf den ebenfalls ungeschlagenen und Zweiplatzierten Risc 2500 (3 Punkte)! Gespielt wird das Rubinstein-System in der Nimzoindischen Verteidigung.} Nf6 2. c4 e6 {Zum Glück nicht 2. - e5 wie in der 4. Partie!} 3. Nc3 Bb4 4. a3 Bxc3+ 5. bxc3 c5 6. e3 b6 7. Bd3 {*erster berechneter Zug} Bb7 8. Nf3 O-O {*erster berechneter Zug} 9. O-O Nc6 10. Rb1 Qe7 11. d5 $6 Na5 12. e4 d6 13. Re1 e5 {Das Zentrum ist nun vorübergehend "abgeriegelt".} 14. Bg5 Ba6 15. Qe2 h6 16. Bh4 g5 $6 17. Bg3 (17. Nxg5 $1 hxg5 18. Bxg5 Kg7 19. f4 $40) 17... Kg7 18. Nd2 Qd7 19. Bc2 Rae8 20. Rb2 Rh8 {Der Risc 2500 spielt aktiv und sucht nach Möglichkeiten am Königsflügel.} 21. Ra1 {Der ChessGenius findet noch keinen "richtigen Plan".} Kg6 22. Rf1 h5 23. h4 gxh4 24. Bxh4 Qg4 25. Qxg4+ hxg4 26. Bxf6 Kxf6 27. Bd3 Ke7 28. Be2 Rh7 29. Bxg4 Reh8 30. Bh3 Nxc4 {(+042)} (30... Bc8) 31. Nxc4 {(-0 71)} Bxc4 32. Rfb1 Bd3 33. Re1 Rg8 (33... f5 34. f3 (34. exf5 $2 Bxf5) 34... fxe4 35. fxe4 Rh4) 34. Bf5 Rh4 35. g3 Rh5 36. Kg2 Rgh8 37. Kf3 Bc4 38. Rd1 Rh1 39. Rbb1 Rxd1 40. Rxd1 b5 41. Ke3 Rh2 42. Bc8 Kd8 43. Bg4 a6 44. Rb1 Kc7 45. Bf3 Kd7 46. Rh1 Rxh1 47. Bxh1 $11 {Die Stellung ist ausgeglichen. Was soll / kann da noch großartiges passieren?} a5 48. Bf3 b4 49. axb4 cxb4 50. cxb4 axb4 51. Be2 Ba2 {Richtig gespielt. Tauscht Schwarz die Läufer dürfte die Partie (genaue Zugfolge vorausgesetzt) Remis enden!} (51... Bxe2 52. Kxe2 Kc7 53. Kd3 (53. Ke3 $4 Kb6 54. Kd3 Kc5 55. f3 Kb5 56. f4 exf4 57. gxf4 Kc5 58. Ke3 Kc4 $19) 53... Kb6 54. Kc4 Ka5 55. f4 exf4 56. gxf4 f6 57. e5 dxe5 58. d6 Kb6 59. fxe5 fxe5 $11) 52. Kd2 Bb3 53. Kc1 Ba4 54. Kb2 Kc7 55. f4 exf4 56. gxf4 f6 57. Bd3 $2 {Eine spielentscheidende "Ungenauigkeit". Der schwarze König kommt nun über b6-c5-d4-e5 an die weißen Bauern heran.} Kb6 58. Be2 Kc5 59. f5 Kd4 60. Bf3 {(-121)} Ke5 {(+161)} 61. Kc1 Bb5 62. Kc2 Bc4 63. Kb2 Bd3 64. Kb3 Bxe4 65. Be2 {(-285)} Bxf5 {(+298)} 66. Kxb4 Be4 67. Kc3 f5 68. Kd2 f4 69. Ke1 Bxd5 70. Kf2 f3 71. Bd1 (71. Bxf3 Bxf3 72. Kxf3 Kd4 73. Ke2 Kc3 74. Ke3 d5 {und der Bauer geht zur Dame.}) 71... Kf4 72. Ba4 Bc4 73. Be8 Be2 74. Bf7 Ke4 75. Be8 d5 76. Bc6 Kd4 77. Bb7 Kc4 78. Bc8 Kc3 79. Bf5 d4 80. Bd7 d3 81. Ke3 d2 82. Ba4 d1=Q 83. Bxd1 Bxd1 84. Kf2 Kd2 85. Kg3 Ke3 86. Kg4 f2+ {Der Risc 2500 gewinnt (mit Schwarz) das Spitzenduell und ist nun selbst alleiniger Tabellenführer in der Gruppe U2271.} 0-1

[Event "26. Oldie Turnier - Gruppe A"]
[Site "Klingenberg am Main"]
[Date "2025.04.05"]
[Round "5.2"]
[White "Mephisto Atlanta"]
[Black "Mephisto Montreux"]
[Result "1-0"]
[WhiteElo "2263"]
[BlackElo "2271"]
[PlyCount "119"]
[GameId "2166621838488962"]
[EventDate "2025.??.??"]

1. d4 d5 2. Nf3 e6 3. Bf4 Bd6 4. Bxd6 cxd6 5. Nbd2 Nf6 6. e3 Qb6 7. Nb3 Nc6 8. Be2 O-O 9. O-O e5 10. c3 Bf5 11. Re1 Rae8 12. Rc1 e4 13. Nfd2 Be6 14. Nf1 a5 15. Rb1 a4 16. Nbd2 Ra8 17. Ng3 Rfc8 18. Rf1 Ne7 19. Nh5 Nxh5 20. Bxh5 Qc7 21. Rc1 b5 22. Be2 Bd7 23. Re1 a3 24. b3 Rcb8 25. Nf1 f6 26. Qd2 Rb6 27. Rc2 Nf5 28. Rec1 Rbb8 29. Kh1 Rc8 30. c4 bxc4 31. bxc4 Qb7 32. cxd5 Rxc2 33. Qxc2 Rc8 34. Bc4 Qb2 35. Nd2 Bb5 36. g3 Ne7 37. Kg1 Kh8 38. Qd1 Ba4 39. Qe1 Bc2 40. Ra1 Rc7 41. Bb3 Bxb3 42. axb3 Nxd5 43. Nxe4 Rc6 44. b4 Nc7 45. b5 Rc2 46. Rb1 Qa2 47. b6 Na6 48. b7 Nb8 49. Rb6 Qc4 50. Rxd6 Qc7 51. Re6 Qf7 52. d5 h6 53. Nd6 Qc7 54. Re8+ Kh7 55. Rc8 Qb6 56. Rxc2 Qxd6 57. Qb1 g6 58. Qb3 Nd7 59. Rc6 a2 60. Rxd6 1-0

[Event "26. Oldie Turnier - Gruppe A"]
[Site "Klingenberg am Main"]
[Date "2025.04.05"]
[Round "5.3"]
[White "Fidelity Avant Garde V10"]
[Black "Mephisto London 68020"]
[Result "1-0"]
[WhiteElo "2191"]
[BlackElo "2213"]
[PlyCount "59"]
[GameId "2166621838488963"]
[EventDate "2025.??.??"]

1. e4 e5 2. Nf3 Nf6 3. Nxe5 d6 4. Nf3 Nxe4 5. d4 d5 6. Bd3 Nc6 7. O-O Be7 8. Re1 Bg4 9. c4 Nf6 10. cxd5 Nxd5 11. Nc3 O-O 12. h3 Bh5 13. Bxh7+ Kxh7 14. Ng5+ Kg8 15. Qxh5 Nf6 16. Qh4 Qd7 17. d5 Nb4 18. Nh7 Nc2 19. Rxe7 Qxe7 20. Bg5 Qb4 21. Nxf6+ gxf6 22. Ne4 Qxe4 23. Qxe4 fxg5 24. Qxc2 Rac8 25. Qf5 Kg7 26. Qxg5+ Kh8 27. Rc1 f5 28. Qh6+ Kg8 29. Qg6+ Kh8 30. Re1 1-0

[Event "26. Oldie Turnier - Gruppe A"]
[Site "Klingenberg am Main"]
[Date "2025.04.05"]
[Round "5.4"]
[White "Mephisto Risc 1MB"]
[Black "Mephisto Magellan"]
[Result "1-0"]
[WhiteElo "2259"]
[BlackElo "2238"]
[PlyCount "85"]
[GameId "2166621838488964"]
[EventDate "2025.??.??"]

1. e4 d5 2. exd5 Qxd5 3. Nc3 Qa5 4. d4 Nf6 5. Nf3 e6 6. Bd2 Nbd7 7. Bc4 Bb4 8. a3 Bd6 9. O-O Qb6 10. Re1 c6 11. b4 O-O 12. b5 Qc7 13. Qe2 Rd8 14. bxc6 bxc6 15. Bg5 h6 16. Bh4 g5 17. Bg3 Bxg3 18. hxg3 Bb7 19. Rab1 Rab8 20. Bd3 Qa5 21. Qd2 Ba6 22. Bxa6 Qxa6 23. a4 Nd5 24. Ne4 N5b6 25. a5 Nd5 26. Ne5 Nxe5 27. dxe5 Qc4 28. f3 Nb4 29. Qf2 a6 30. Nf6+ Kg7 31. Nh5+ Kg6 32. g4 Qxc2 33. Qa7 Qa4 34. f4 Qxa5 35. f5+ exf5 36. gxf5+ Kxh5 37. Qxf7+ Kh4 38. Re4+ Kg3 39. Qh5 Qc5+ 40. Kh1 Rd1+ 41. Rxd1 Qg1+ 42. Kxg1 Nd3 43. Rxd3# 1-0

[Event "26. Oldie Turnier - Gruppe A"]
[Site "Klingenberg am Main"]
[Date "2025.04.05"]
[Round "5.6"]
[White "Mephisto Polgar 100 MHz"]
[Black "Mephisto Nigel Short 19.6 MHz"]
[Result "0-1"]
[WhiteElo "2271"]
[BlackElo "2144"]
[PlyCount "114"]
[GameId "2166621838488966"]
[EventDate "2025.??.??"]

1. e4 e6 2. d4 d5 3. Nd2 c5 4. exd5 exd5 5. Ngf3 Nc6 6. Bb5 Bd6 7. O-O Nge7 8. dxc5 Bxc5 9. Nb3 Bb6 10. Bg5 O-O 11. Re1 f6 12. Bf4 Re8 13. c3 Bg4 14. h3 Bd7 15. Bd3 Rc8 16. Qd2 Na5 17. Nxa5 Bxa5 18. Re2 Bc7 19. Bxc7 Qxc7 20. Rae1 Qd6 21. c4 h6 22. Be4 Rxc4 23. Bxd5+ Nxd5 24. Rxe8+ Bxe8 25. Rxe8+ Kf7 26. b3 Rc3 27. Ra8 a6 28. Qe1 Qe7 29. Qb1 Nf4 30. Kh2 Nd3 31. a4 Nxf2 32. Qf5 Qd6+ 33. g3 Nd1 34. Rh8 Nf2 35. Kg2 Nd1 36. Qh5+ Ke6 37. Re8+ Kd7 38. Qf7+ Kc6 39. Re6 Ne3+ 40. Kg1 Nf5 41. Rxd6+ Nxd6 42. Nd4+ Kc5 43. Qc7+ Kxd4 44. Qxd6+ Ke3 45. Qe7+ Kd4 46. Qb4+ Kd3 47. Qxb7 Kd4 48. Qxg7 Ke5 49. b4 Rc1+ 50. Kf2 Rc2+ 51. Kf3 Rc3+ 52. Kg4 Rc2 53. Qe7+ Kd5 54. Qb7+ Kd4 55. Qxa6 Ke5 56. Qd3 Rc6 57. a5 h5+ 0-1

[Event "26. Oldie Turnier - Gruppe A"]
[Site "Klingenberg am Main"]
[Date "2025.04.05"]
[Round "6.1"]
[White "Saitek RISC 2500"]
[Black "Mephisto London 68020"]
[Result "0-1"]
[WhiteElo "2242"]
[BlackElo "2213"]
[PlyCount "104"]
[GameId "2166621838488967"]
[EventDate "2025.??.??"]

1. d4 d5 2. c4 dxc4 3. Nf3 Nf6 4. e3 e6 5. Bxc4 c5 6. O-O a6 7. b3 b5 8. Be2 Bb7 9. Bb2 Nbd7 10. a4 b4 11. Nbd2 cxd4 12. Bxd4 Be7 13. Rc1 O-O 14. Nc4 Rc8 15. Qc2 Qc7 16. Rfd1 Ng4 17. Bd3 Bxf3 18. Bxh7+ Kh8 19. gxf3 Qxh2+ 20. Kf1 Nge5 21. Be4 Nxc4 22. bxc4 e5 23. Bf5 exd4 24. Bxd7 dxe3 25. fxe3 Qh1+ 26. Ke2 Qg2+ 27. Kd3 Qxc2+ 28. Rxc2 Rfd8 29. Ke2 Rc5 30. a5 Rxa5 31. f4 b3 32. Rcc1 Ra2+ 33. Kf3 b2 34. Rb1 Rb8 35. Ke4 Rb3 36. Kd4 Bf6+ 37. Kd5 Rxe3 38. c5 Ra5 39. Kc6 Rc3 40. Rd5 Rc1 41. Bf5 g6 42. Bd3 Ra1 43. Rxb2 Bxb2 44. Kb6 Ra4 45. Bxa6 Rxf4 46. c6 Rf6 47. Bb5 Re6 48. Rd2 Bf6 49. Rd7 Kg7 50. Kb7 Rc5 51. Kb6 Be7 52. Rd4 Bf8 0-1

[Event "26. Oldie Turnier - Gruppe A"]
[Site "Klingenberg am Main"]
[Date "2025.04.05"]
[Round "6.2"]
[White "Mephisto Risc 1MB"]
[Black "Mephisto Atlanta"]
[Result "1-0"]
[WhiteElo "2259"]
[BlackElo "2263"]
[PlyCount "75"]
[GameId "2166621838488968"]
[EventDate "2025.??.??"]

1. e4 c6 2. d4 d5 3. Nc3 dxe4 4. Nxe4 Nd7 5. Nf3 Ngf6 6. Nxf6+ Nxf6 7. c3 g6 8. c4 Bg4 9. Be2 Qb6 10. a3 Bg7 11. h3 Bxf3 12. Bxf3 O-O-O 13. c5 Qa6 14. Bf4 Qb5 15. b3 Rde8 16. Be5 Qa6 17. Be2 b5 18. cxb6 Qxb6 19. Bf3 Bh6 20. Ra2 Kd8 21. b4 Bg7 22. Rc2 Qa6 23. Qc1 c5 24. Rxc5 Bh6 25. Qxh6 Qxa3 26. Qd2 Qa1+ 27. Rc1 Qa4 28. Bc7+ Kd7 29. Bc6+ Qxc6 30. Rxc6 Kxc6 31. Qc2+ Kd7 32. b5 Ke6 33. Qc6+ Kf5 34. g4+ Nxg4 35. hxg4+ Kg5 36. Qc1+ Kf6 37. Be5+ Ke6 38. Qc6# 1-0

[Event "26. Oldie Turnier - Gruppe A"]
[Site "Klingenberg am Main"]
[Date "2025.04.05"]
[Round "6.5"]
[White "Mephisto Nigel Short 19.6 MHz"]
[Black "Mephisto Montreux"]
[Result "1/2-1/2"]
[WhiteElo "2144"]
[BlackElo "2271"]
[PlyCount "181"]
[GameId "2166621838488970"]
[EventDate "2025.??.??"]

1. c4 e6 2. d4 d5 3. Nc3 c5 4. e3 Nc6 5. Nf3 Nf6 6. a3 cxd4 7. exd4 Be7 8. Bd3 dxc4 9. Bxc4 O-O 10. O-O b6 11. Bf4 Bd6 12. Bxd6 Qxd6 13. d5 exd5 14. Bxd5 Nxd5 15. Qxd5 Qxd5 16. Nxd5 Bg4 17. Rac1 Bxf3 18. gxf3 Nd4 19. Ne7+ Kh8 20. Kg2 Rad8 21. Rc7 Nb5 22. Rb7 Rd2 23. a4 Nd6 24. Rxa7 Nc4 25. Rc1 Nxb2 26. Rc8 Rdd8 27. Rxd8 Rxd8 28. Nd5 Nc4 29. Rb7 g6 30. Nxb6 Nxb6 31. Rxb6 Ra8 32. Rb4 Kg7 33. Kg3 Kf6 34. Kf4 h5 35. Ke4 g5 36. Kd5 Kf5 37. Kc6 Ke6 38. Kb7 Ra5 39. f4 g4 40. Re4+ Kd6 41. Kb6 Ra8 42. Rd4+ Ke6 43. Kb7 Ra5 44. Rc4 Kd5 45. Kb6 Ra8 46. Rc5+ Kd6 47. a5 Rb8+ 48. Ka7 Rb4 49. Rf5 Ke6 50. Re5+ Kd6 51. Re2 Rxf4 52. Rb2 Re4 53. Kb6 Re6 54. a6 Kd5+ 55. Kb5 Kd6 56. Rd2+ Kc7 57. a7 Rb6+ 58. Ka5 Rb1 59. Rc2+ Kb7 60. Rc5 Rb2 61. Rf5 Kxa7 62. Rxf7+ Kb8 63. Ka4 Kc8 64. Rh7 Rxf2 65. Rxh5 Kd7 66. Rh6 Ke7 67. Kb4 Kf7 68. Kc4 Kg7 69. Rh4 Rg2 70. Kd4 Kg6 71. Kd3 Kf5 72. Rh5+ Kf4 73. Rh8 Rb2 74. Kd4 Rd2+ 75. Kc3 Rd7 76. Rf8+ Ke5 77. Re8+ Kd5 78. Rh8 Re7 79. Kd3 Ke5 80. Rh6 Rd7+ 81. Ke3 Rd1 82. Rh4 Kf5 83. Rh5+ Kf6 84. Kf4 Rd4+ 85. Kg3 Re4 86. Rh8 Rc4 87. Rf8+ Ke5 88. Rf7 Rd4 89. Rg7 Kf5 90. Kh4 Rd2 91. Rxg4 1/2-1/2

[Event "26. Oldie Turnier - Gruppe A"]
[Site "Klingenberg am Main"]
[Date "2025.04.05"]
[Round "6.6"]
[White "Mephisto Magellan"]
[Black "Mephisto Polgar 100 MHz"]
[Result "1-0"]
[WhiteElo "2238"]
[BlackElo "2271"]
[PlyCount "43"]
[GameId "2166621838488971"]
[EventDate "2025.??.??"]

1. e4 e6 2. d4 d5 3. Nc3 Nf6 4. Bg5 Be7 5. e5 Nfd7 6. h4 Bxg5 7. hxg5 Qxg5 8. Nf3 Qe7 9. Nb5 Nb6 10. Qd2 a6 11. Na3 c5 12. O-O-O c4 13. g3 Nc6 14. c3 Bd7 15. Bg2 Na5 16. Rh4 O-O 17. Rdh1 h6 18. Rxh6 gxh6 19. Qxh6 f6 20. exf6 Rxf6 21. Qh8+ Kf7 22. Ne5# 1-0

[Event "26. Oldie Turnier - Gruppe A"]
[Site "Klingenberg am Main"]
[Date "2025.04.06"]
[Round "7.1"]
[White "Fidelity Avant Garde V10"]
[Black "Millennium ChessGenius"]
[Result "1/2-1/2"]
[WhiteElo "2191"]
[BlackElo "2217"]
[PlyCount "208"]
[GameId "2166621838488972"]
[EventDate "2025.??.??"]

1. d4 Nf6 2. Nf3 e6 3. Bg5 c5 4. e3 Qb6 5. Nbd2 Qxb2 6. c4 cxd4 7. exd4 Nc6 8. Qb1 Qc3 9. Qc1 Bb4 10. Be3 d5 11. Qxc3 Bxc3 12. Rc1 Bb4 13. cxd5 Nxd5 14. Bd3 O-O 15. O-O Be7 16. Ne4 Rd8 17. Bc4 Nf6 18. Nxf6+ Bxf6 19. Rfd1 b6 20. d5 Na5 21. d6 Nxc4 22. Rxc4 Bb7 23. Bf4 Bd5 24. Rc2 g6 25. Ne5 Rac8 26. Rc7 Rxc7 27. dxc7 Rc8 28. Nd7 Be7 29. Rd2 Kg7 30. Be5+ f6 31. Bg3 Kf7 32. Nb8 Ke8 33. h3 h5 34. h4 f5 35. Rc2 Bc5 36. Kh2 Be4 37. Rd2 b5 38. f3 Bd5 39. Rc2 Bb6 40. Kh3 b4 41. Na6 b3 42. axb3 Bxb3 43. Rc3 Bd5 44. Be5 Ke7 45. Rc1 Kd7 46. f4 Ke7 47. Rc3 Bb7 48. Nb8 Be4 49. Na6 Ke8 50. Nc5 Bd5 51. Na6 Kf7 52. Nb8 a5 53. Nd7 Bf2 54. Nf6 a4 55. g3 Bb7 56. Rd3 Bc5 57. Rd7+ Be7 58. Bd6 Kxf6 59. Rxe7 Bc6 60. Rh7 e5 61. fxe5+ Ke6 62. Re7+ Kd5 63. Kh2 Ra8 64. Rg7 Bb7 65. Rd7 Ke6 66. Rd8 Rc8 67. Kh3 Ba6 68. Kg2 a3 69. Rxc8 Bxc8 70. Bxa3 Kxe5 71. Kf3 Ba6 72. Bb4 Bb7+ 73. Ke3 Ba6 74. Bc3+ Kd6 75. Ba5 Ke5 76. Bb4 Bb7 77. Bc3+ Kd6 78. Ba5 Ke5 79. Kd2 Kd5 80. Ke2 Kd6 81. Kd3 Ba6+ 82. Kd2 Kd5 83. Kc3 Kc6 84. Kc2 Kd7 85. Kb3 Kc6 86. Kb4 Kd6 87. Ka3 Kd7 88. Ka4 Kd6 89. Kb4 Kc6 90. Kb3 Kd7 91. Kc2 Kc6 92. Kd1 Bb7 93. Ke1 Kd6 94. Kf2 Kd5 95. Bd2 Kd6 96. Bf4+ Kc6 97. Ke3 Kd5 98. Kd3 Ba6+ 99. Kc3 Bc8 100. Kb4 Kc6 101. Ka5 Kc5 102. Ka4 Be6 103. Ka3 Kc6 104. Kb2 Bc8 1/2-1/2

[Event "26. Oldie Turnier - Gruppe A"]
[Site "Klingenberg am Main"]
[Date "2025.04.06"]
[Round "7.2"]
[White "Saitek RISC 2500"]
[Black "Mephisto Risc 1MB"]
[Result "1-0"]
[WhiteElo "2242"]
[BlackElo "2259"]
[PlyCount "101"]
[GameId "2166621838488973"]
[EventDate "2025.??.??"]

{Der Risc 2500 muss (um Turniersieger zu werden) diese Partie gewinnen und auf ein Remis oder eine Niederlage des ChessGenius hoffen. Der Risc 1 MB entscheidet sich für die Nimzoindische Verteidiung der Risc 2500 wählt das solide 4.Dc2.} 1. d4 Nf6 2. c4 e6 3. Nc3 Bb4 4. Qc2 O-O 5. a3 Bxc3+ 6. Qxc3 b6 7. Bg5 Bb7 8. Nh3 {Eine Nebenvariante. Der Risc 1MB "fliegt" aus dem Buch.} (8. f3 {und}) (8. e3 {sind hier die meistgespielten Züge.}) 8... h6 {*erster berechneter Zug} 9. Bh4 g5 $6 {Eine bekannte Schwäche vom Risc 1MB tritt in dieser Partie zu Tage. Durch Bauernzüge wird der Königsflügel entblößt!} 10. Bg3 Ne4 11. Qc2 c5 12. dxc5 bxc5 13. O-O-O {Dieser Zug ist noch im Eröffnungsbuch vom Risc 2500!} d6 14. e3 {*erster berechneter Zug} g4 $6 15. Nf4 Re8 16. Be2 e5 17. Nd5 f5 {Nun ist der schwarze König völlig entblößt. Angst scheint der Risc 1MB nicht zu kennen!} 18. Bd3 (18. f3 $1) 18... Nxg3 19. hxg3 e4 20. Be2 {(+077)} (20. Rxh6 {und sogar}) (20. Bxe4 {schlagen hier bereits (mit großem Vorteil) die Engines vor.}) 20... Kg7 {(-124)} 21. Qc3+ Re5 22. Nf4 Qe7 23. Qd2 d5 24. cxd5 Nd7 25. Bb5 Qd6 26. Bc6 Rb8 27. Ne6+ Kh7 28. Bxb7 Rxb7 29. Nd8 (29. f4 $1) 29... Rb6 30. Nf7 {(+231)} Qf8 31. Nxe5 Nxe5 {Der Risc 2500 hat nun die Qualität plus Mehrbauer. Die Partie sollte (eigentlich) gewonnen sein.} 32. Qc3 Nd3+ 33. Rxd3 $1 {Schöner Zug vom Risc 2500. Gibt die Qualität zurück und gewinnt einen weiteren Bauern. Jetzt noch Damentausch und ...} exd3 34. Qxd3 Qc8 35. d6 {(+247)} Qd7 {(-206)} 36. Rd1 c4 37. Qd4 c3 38. bxc3 Qb5 {Sieht gefährlich aus aber der weiße König kann zum Königsflügel "entfliehen"!} 39. c4 Qa5 40. c5 {(+340)} Qxa3+ {(-152)} 41. Kd2 Rb2+ 42. Ke1 Qa5+ 43. Kf1 Qb5+ 44. Qd3 {Jetzt ist es vorbei mit den Schachgeboten oder?!} Qxd3+ 45. Rxd3 Rb1+ {Wieder ein Schachgebot!} 46. Ke2 Rb2+ 47. Rd2 Rb8 48. d7 Kg6 49. c6 f4 50. gxf4 Kf5 51. c7 1-0

[Event "26. Oldie Turnier - Gruppe A"]
[Site "Klingenberg am Main"]
[Date "2025.04.06"]
[Round "7.3"]
[White "Mephisto Atlanta"]
[Black "Mephisto Nigel Short 19.6 MHz"]
[Result "1-0"]
[WhiteElo "2263"]
[BlackElo "2144"]
[PlyCount "85"]
[GameId "2166621838493070"]
[EventDate "2025.??.??"]

1. e4 e5 2. Bc4 Nf6 3. d4 exd4 4. Nf3 Nxe4 5. Qxd4 Nf6 6. Bg5 Be7 7. Nc3 Nc6 8. Qf4 O-O 9. O-O-O d6 10. Rhe1 Re8 11. h3 Rb8 12. g4 Bd7 13. Bh4 h6 14. g5 hxg5 15. Qxg5 b5 16. Rg1 Ng4 17. Bxf7+ Kxf7 18. Qh5+ Kf8 19. hxg4 Bxh4 20. Nxh4 Ne5 21. f4 Nc4 22. Nf3 Be6 23. Qh8+ Bg8 24. Ng5 Ne3 25. Nd5 Qd7 26. Nf6 gxf6 27. Qxf6+ Qf7 28. Nxf7 Re6 29. Qxe6 Nxd1 30. Qf6 Ke8 31. Nxd6+ cxd6 32. Qxd6 Rb7 33. Qc6+ Kf8 34. Qc8+ Kg7 35. Qxb7+ Kf8 36. Qb8+ Kg7 37. Qxa7+ Bf7 38. Rxd1 Kg8 39. Qb8+ Kg7 40. Qe5+ Kh7 41. Rh1+ Bh5 42. Qg5 b4 43. Rxh5# 1-0